| 000 | 00856nam a22001937a 4500 | ||
|---|---|---|---|
| 005 | 20120912164212.0 | ||
| 010 | _aB-483261 | ||
| 020 | _c15.00 | ||
| 035 | _aB-483261 | ||
| 037 | _bBPPD | ||
| 100 |
_aسيد ابو الا علی مو د و وی _952832 |
||
| 245 |
_aيہو د يثر ب اور ميثا ق مد ينہ _c سيد ا بو الاعلی مو د و دی |
||
| 246 |
_aYahoode Yasrib aur Meesaque Madina _bBy Syed Abul Aala Maudoodi |
||
| 260 |
_a1781-حو ض سو يو ا لا ں نئ دھلی-2 _bا سلا مک بک فا ؤ نڈ يشن _c2011 |
||
| 300 |
_a20 ص _c22 Cm.(P.b) |
||
| 500 | _aدو حصہ | ||
| 942 |
_2ddc _cUR _h270.9 _mس ی د |
||
| 999 |
_c70501 _d70501 |
||